東京ディズニーシー アトラクション - Statistics

General Stats
  • This quiz has been taken 4 times
  • The average score is 16 of 34
Answer Stats
エリア アトラクション % Correct
アメリカンウォーターフロント タートル・トーク
100%
アメリカンウォーターフロント タワー・オブ・テラー
100%
ミステリアスアイランド 海底2万マイル
100%
メディテレーニアンハーバー ソアリン:ファンタスティック・フライト
75%
アメリカンウォーターフロント ディズニーシー・エレクトリックレールウェイ
75%
アメリカンウォーターフロント トイ・ストーリー・マニア!
75%
ポートディスカバリー ディズニーシー・エレクトリックレールウェイ
75%
ロストリバーデルタ レイジングスピリッツ
75%
ミステリアスアイランド センター・オブ・ジ・アース
75%
メディテレーニアンハーバー ディズニーシー・トランジットスチーマーライン
50%
メディテレーニアンハーバー ヴェネツィアン・ゴンドラ
50%
アメリカンウォーターフロント ディズニーシー・トランジットスチーマーライン
50%
ポートディスカバリー アクアトピア
50%
ポートディスカバリー ニモ&フレンズ・シーライダー
50%
ロストリバーデルタ インディ・ジョーンズ・アドベンチャー:クリスタルスカルの魔宮
50%
ロストリバーデルタ ディズニーシー・トランジットスチーマーライン
50%
ファンタジースプリングス アナとエルサのフローズンジャーニー
50%
ファンタジースプリングス ラプンツェルのランタンフェスティバル
50%
アラビアンコースト キャラバンカルーセル
50%
アラビアンコースト シンドバッド・ストーリーブック・ヴォヤッジ
50%
アラビアンコースト マジックランプシアター
50%
アメリカンウォーターフロント ビッグシティ・ヴィークル
25%
ファンタジースプリングス ピーターパンのネバーランドアドベンチャー
25%
ファンタジースプリングス フェアリー・ティンカーベルのビジーバギー
25%
アラビアンコースト ジャスミンのフライングカーペット
25%
マーメイドラグーン アリエルのプレイグラウンド
25%
マーメイドラグーン ジャンピン・ジェリーフィッシュ
25%
マーメイドラグーン スカットルのスクーター
25%
マーメイドラグーン ブローフィッシュ・バルーンレース
25%
マーメイドラグーン マーメイドラグーンシアター
25%
マーメイドラグーン ワールプール
25%
メディテレーニアンハーバー フォートレス・エクスプロレーション
0%
メディテレーニアンハーバー フォートレス・エクスプロレーション“ザ・レオナルドチャレンジ”
0%
マーメイドラグーン フランダーのフライングフィッシュコースター
0%
No matching quizzes found
Score Distribution
Percent of People with Each Score
Percentile by Number Answered
Your Score History
You have not taken this quiz